Famous Named Quiz Stats

 Plays Quiz Updated Dec 12, 2018

Challenge
Share
Tweet
Embed
Score 0/30 Timer 06:00
2 Plays Today
Heading Answer % Correct
NeilNeil Armstrong
94.3%
NancyNancy Reagan
86.1%
SusanSusan B. Anthony
82.7%
MargaretMargaret Thatcher
82.2%
NeilNeil Diamond
82.1%
JerryJerry Seinfeld
81.5%
SusanSusan Boyle
80.4%
NeilNeil Patrick Harris
75.8%
NancyNancy Pelosi
69.9%
SusanSusan Sarandon
69.2%
NancyNancy Kerrigan
65.4%
JerryJerry Garcia
64.3%
JerryJerry Rice
63%
JerryJerry Bruckheimer
62.8%
NeilNeil Young
59.1%
Heading Answer % Correct
NancyNancy Sinatra
56.2%
JerryJerry Springer
56%
BrianBrian Wilson
51.2%
BrianBrian Boitano
49.9%
SusanSusan Lucci
47.1%
BrianBrian Williams
43.7%
NeilNeil Simon
40.9%
MargaretMargaret Mitchell
32.6%
MargaretMargaret Court
21.8%
MargaretMargaret Atwood
19.9%
BrianBrian Johnson
17.4%
BrianBrian De Palma
16.5%
SusanSusan Saint James
15.8%
NancyNancy McKeon
14.5%
MargaretMargaret Tudor
13.6%

You're not logged in!

Compare scores with friends on all Sporcle quizzes.
OR
Log In

You Might Also Like...

Show Comments

Extras

Top Quizzes Today


Score Distribution

Your Account Isn't Verified!

In order to create a playlist on Sporcle, you need to verify the email address you used during registration. Go to your Sporcle Settings to finish the process.

Report this User

Report this user for behavior that violates our Community Guidelines.

Details: